| 000 | 01005nam a2200277 a 4500 | ||
|---|---|---|---|
| 001 | 48612 | ||
| 003 | BD-RjUL | ||
| 005 | 20211209054543.0 | ||
| 008 | 160814s1983 bg ||||| |||| 001 0 ben d | ||
| 020 | _c: Tk. 36.00 | ||
| 035 | _a(BD-RjUL)48731 | ||
| 040 |
_aBD-RjUL _bben _cBD-RjUL |
||
| 041 | _aben | ||
| 082 |
_223 _a658.8 _bFAB 1983 |
||
| 100 |
_aফারুক, আবদুল্লাহ্ _9117420 |
||
| 245 | 1 | 0 |
_aবাংলাদেশের পণ্য বিপণন ব্যবস্থা / _cআবদুল্লাহ্ ফারুক |
| 250 | _a২য় সং. | ||
| 260 |
_aঢাকা : _bবাংলা একাডেমী, _c১৯৮৩ |
||
| 300 |
_a[৮], ২৬২ পৃ. ; _c১৯ সেমি |
||
| 490 |
_aবাএ ; _v১৩৭১ |
||
| 500 | _aনির্ঘণ্ট সংযুক্ত | ||
| 650 |
_aবাজারজাতকরন _9146799 |
||
| 650 |
_aMarketing _9146831 |
||
| 830 |
_aবাএ ; _v১৩৭১ _9245469 |
||
| 942 |
_2ddc _cBK |
||
| 999 |
_c48612 _d48612 |
||